[Event "9th Beirut Open 2017"]
[Site "Beirut"]
[Date "2017.10.05"]
[Round "7.36"]
[White "Fawaz, Kassem"]
[Black "Eid, Wissam"]
[Result "0-1"]
[WhiteElo "1719"]
[BlackElo "1531"]
[Annotator "NA RC"]
[PlyCount "114"]
[EventDate "2017.??.??"]
[EventCountry "LBN"]
[SourceTitle "playchess.com"]
[Source "ChessBase"]
[SourceQuality "1"]
[TimeControl "5400+30"]

1. d4 Nf6 2. c4 g6 3. Nc3 Bg7 4. Nf3 O-O 5. e4 d6 6. Be2 Nbd7 7. h3 e5 8. d5 Ne8 9. Bg5 Nef6 10. Qd2 Nc5 11. b4 Ncxe4 12. Nxe4 Nxe4 13. Bxd8 Nxd2 14. Nxd2 Rxd8 15. g4 f5 16. f3 e4 17. Rc1 exf3 18. Bxf3 fxg4 19. hxg4 Re8+ 20. Kf2 Rf8 21. Kg2 Bd4 22. Rhe1 Bxg4 23. Re7 Bxf3+ 24. Nxf3 Bf6 25. Rxc7 Rf7 26. Rxf7 Kxf7 27. c5 Ke7 28. c6 b5 29. Re1+ Kf7 30. Re3 g5 31. Nd2 Be5 32. Ne4 g4 33. Ng5+ Ke7 34. Ne6 h5 35. Ra3 h4 36. Nc7 Rf8 37. Nxb5 h3+ 38. Kg1 h2+ 39. Kg2 Rf1 40. Rxa7+ Kf6 41. Rh7 Rg1+ 42. Kf2 g3+ 43. Ke2 h1=Q 44. Rxh1 Rxh1 45. c7 Rc1 46. Kf3 Kg5 47. a4 Kh4 48. a5 Kh3 49. a6 g2 50. a7 Rf1+ 51. Ke4 Rf8 52. c8=Q+ Rxc8 53. Nc7 g1=Q 54. a8=Q Rxa8 55. Nxa8 Qa7 56. b5 Qxa8 57. b6 Qb7 0-1

[Event "9th Beirut Open 2017"]
[Site "Beirut"]
[Date "2017.10.05"]
[Round "7.42"]
[White "Noah, A  H  Al-Ali"]
[Black "Tseitlin, Mark D"]
[Result "1-0"]
[WhiteElo "2299"]
[BlackElo "2276"]
[Annotator "TA"]
[PlyCount "41"]
[EventDate "2017.??.??"]
[EventCountry "LBN"]
[SourceTitle "playchess.com"]
[Source "ChessBase"]
[SourceQuality "1"]

{[%evp 9,41,-9,-10,-45,0,-3,8,-65,11,2,244,243,267,254,278,274,330,300,325,336,370,364,447,429,421,383,724,421,743,724,1625,1622,1467,1454]} 1. e4 d5 2. exd5 Qxd5 3. Nc3 Qd6 4. d4 Nf6 5. f3 (5. Nf3 g6 6. Nb5 Qd8 7. c4 Bg7 8. Bf4 Na6 9. Be2 O-O 10. O-O c6 11. Nc3 Bf5 12. Re1 Ne4 13. Qb3 {1-0 (37) Naiditsch,A (2710)-Rakhmanov,A (2663) Linares 2017}) 5... Nc6 $146 ({Predecessor:} 5... a6 6. Nge2 e6 7. g3 Be7 8. Bg2 O-O 9. Qd3 Nc6 10. Bf4 Qd8 11. O-O-O Nb4 12. Qc4 Nbd5 13. Nxd5 Nxd5 {½-½ (51) Becura Licor,K-Mosquera Cayon,D (2009) Camaguey 2010}) 6. Be3 {B01: Scandinavian Defence} a6 7. Qd2 Bf5 8. a3 (8. Bc4 $11) 8... e6 (8... e5 $1 $15 9. Nge2 exd4 10. Nxd4 Nxd4 11. Bxd4 Qe6+ 12. Qe2 Qxe2+ 13. Nxe2 Bxc2) 9. Bd3 Nxd4 $2 {[#]} (9... Bxd3 $11 10. Qxd3 Be7) 10. Bxd4 $18 Bxd3 11. Qxd3 O-O-O 12. O-O-O Be7 13. Nge2 Qc6 14. Qe3 Rd7 15. Bxf6 Bxf6 16. Rxd7 Kxd7 17. Rd1+ Ke7 $2 {[#]} (17... Kc8 18. Ne4 Kb8 19. Nxf6 gxf6) 18. Ne4 {White is clearly winning.} b6 (18... Qb6 $142 19. Nd4 Rd8) 19. Nxf6 Kxf6 20. Qf4+ Ke7 21. Qg5+ {Precision: White = 43%, Black =  8%.} 1-0

[Event "9th Beirut Open 2017"]
[Site "Beirut"]
[Date "2017.10.06"]
[Round "8"]
[White "Demchenko, Anton"]
[Black "Tsatsalashvili, Keti"]
[Result "1/2-1/2"]
[WhiteElo "2649"]
[BlackElo "2264"]
[Annotator "TA"]
[PlyCount "225"]
[EventDate "2017.??.??"]
[EventCountry "LBN"]
[SourceTitle "playchess.com"]
[Source "ChessBase"]
[SourceQuality "1"]

{[%evp 20,224,41,46,49,43,51,58,54,50,78,87,72,43,68,76,58,66,95,82,97,103,83,78,102,78,102,125,137,137,137,137,137,137,137,137,137,137,137,137,137,137,137,137,137,137,137,137,137,137,137,137,137,137,137,137,137,137,152,152,152,152,152,152,152,122,174,152,152,152,160,152,152,152,152,152,152,152,152,152,152,152,152,123,123,121,163,160,171,124,133,145,157,157,157,157,157,157,157,157,157,133,139,133,157,157,162,162,176,169,174,173,168,170,167,159,149,156,164,154,189,133,129,103,323,321,300,321,233,292,256,274,299,256,345,312,314,298,298,302,318,294,316,308,307,306,308,309,308,308,288,294,363,349,837,805,5197,4631,4582,2410,1179,8,8,8,8,8,8,8,8,8,8,8,8,8,8,8,8,8,8,8,8,8,8,7,7,7,7,7,7,0,0,0,0,0,0,0,0,0,0,0,0,0,0,0,0,0,0]} 1. e4 c6 2. Nc3 d5 3. Nf3 dxe4 4. Nxe4 Nf6 5. Qe2 Nxe4 6. Qxe4 Nd7 7. Bc4 e6 8. O-O Be7 9. d4 Nf6 10. Qe2 O-O 11. Bf4 {LiveBook: 5 Partien} b6 {B17: Caro-Kann-Verteidigung} 12. Rfe1 Nd5 13. Bg3 (13. Be5 Bb7 14. Rad1 Bd6 15. Bd3 Bxe5 16. dxe5 Qe7 17. Qe4 g6 18. a3 c5 19. Qg4 {½-½ (37) Guseinov,G (2659)-Arun Prasad,S (2552) Dubai 2009}) 13... Bb7 {Weiß steht etwas besser.} 14. Rad1 Rc8 15. Bb3 $146 ({Vorgänger:} 15. Bd3 b5 16. c3 a6 17. Qe4 g6 18. h4 c5 19. dxc5 Bxc5 20. h5 Qe7 21. Bh4 Qc7 22. hxg6 hxg6 23. Bg3 Qxg3 {0-1 (22) Antonov,V (2345)-Radulov,I (2490) Pernik 1978}) 15... b5 16. Ne5 a5 17. c3 a4 18. Bc2 a3 19. Qd3 {[%csl Gc2][%cal Rd3h7]} f5 20. b4 Qe8 21. f3 Bd6 22. Bb3 Rc7 23. Qd2 Bc8 24. Bxd5 $1 cxd5 25. Nd3 $1 Qc6 26. Bxd6 Qxd6 27. Re5 Qc6 28. Nc5 Rf6 29. Qf4 Rcf7 30. Rde1 Re7 31. g3 Ref7 32. R1e2 Re7 33. Kg2 Ref7 34. Re1 Re7 35. Rb1 Ra7 36. Rb3 Qa8 37. Re1 Qc6 38. Kf2 h6 39. h4 Kh7 40. Kg2 Rg6 41. Kh2 {[%cal Bg2h2,Bh2g1,Bg1f2,Bf2e2,Be2d2][%mdl 32]} Rf6 42. Re5 Rg6 (42... Qe8 $16) 43. Kg1 Rf6 44. Kf2 Rg6 45. Re2 Rf6 46. Rb1 Qc7 47. Re5 Qc6 48. Ke2 Re7 49. Kd2 Ra7 50. Rbe1 Re7 51. R5e2 Rc7 52. Qe5 Rg6 53. Rg1 Rf6 54. Reg2 Re7 55. Kc2 Qc7 56. Qxc7 Rxc7 57. Kb3 Ra7 58. Nd3 Bd7 59. Re2 Kg8 60. Ne1 Rf8 61. Rgg2 g6 62. Nd3 Kg7 63. Nc5 Kf7 64. Re1 Bc8 65. Rge2 {[%cal Rc5e6]} Re8 66. g4 fxg4 67. fxg4 e5 68. dxe5 {Schwarz muss nun e6+ beachten.} ({Viel schwächer ist} 68. Rxe5 $6 Rxe5 69. dxe5 Bxg4 $14) 68... Bxg4 {[#]} 69. Rd2 $1 Rd8 70. e6+ (70. Rf2+ $18 Kg8 71. Rf6) 70... Ke7 $16 {[#]} 71. Rf1 $1 {[%cal Rf1f7]} Bxe6 $2 (71... Rf8 $16 {war angesagt.} 72. Rg1 h5) 72. Nxe6 $18 Kxe6 $16 {[%mdl 4096] Endspiel KTT-KTT} 73. Re2+ Kd6 74. Rf6+ Kc7 75. Rxg6 Kc8 76. Rxh6 Rc7 77. Rd2 Kb7 78. Rh5 Kc6 79. Kxa3 Rf7 80. Kb2 Rf4 81. Rg2 Rd6 82. a3 d4 83. cxd4 Rfxd4 84. Rc5+ Kb6 85. Rh2 Rf6 86. h5 Rff4 $2 (86... Rdd6 87. Re5 Rc6) 87. h6 $18 Rh4 88. Rcc2 Rc4 89. Kb1 Rcf4 90. h7 $2 ({Der einzige Zug:} 90. Ka2 $18 Rc4 91. Rcg2 Rxh2 92. Rxh2) 90... Rf1+ $11 {Die Stellung ist ausgeglichen.} 91. Kb2 Rh1 92. Rhg2 (92. Rxh4 {seems wilder.} Rxh4 93. Rf2 Rxh7 94. Rf6+ Kb7 95. Rf5) 92... Rxh7 93. Rg6+ Kb7 94. Rd6 R1h2 95. Rxh2 Rxh2+ {KT-KT} 96. Kc3 Rh3+ 97. Rd3 Rh4 98. Rf3 Rg4 99. Rh3 Rf4 100. Kd3 Rg4 101. Rh6 Rg3+ 102. Kd4 Rxa3 103. Kc5 Rg3 104. Rb6+ Ka7 {Droht stark ...Tg5+.} 105. Rxb5 Rg5+ 106. Kc4 Rxb5 107. Kxb5 {Beabsichtigt Kc6 und Matt. KB-K} Kb7 108. Kc5 {jetzt Kb5 und aus.} Kc7 109. b5 {[%cal Bb4b5,Bb5b6,Bb6b7][%mdl 32]} Kb7 110. b6 Kb8 111. Kc6 $2 {[%mdl 8192]} (111. Kb4) 111... Kc8 112. b7+ Kb8 113. Kb6 {Precision: Weiß = 78%, Schwarz = 53%.} 1/2-1/2

[Event "9th Beirut Open 2017"]
[Site "Beirut"]
[Date "2017.10.06"]
[Round "8"]
[White "Yilmaz, Mustafa"]
[Black "Adly, Ahmed"]
[Result "1/2-1/2"]
[WhiteElo "2633"]
[BlackElo "2625"]
[Annotator "TA"]
[PlyCount "60"]
[EventDate "2017.??.??"]
[EventCountry "LBN"]
[SourceTitle "playchess.com"]
[Source "ChessBase"]
[SourceQuality "1"]

{[%evp 29,60,41,46,43,42,45,54,63,49,42,50,43,47,37,48,50,70,34,37,58,47,34,68,76,77,36,45,0,0,0,0,0,0]} 1. d4 Nf6 2. c4 c5 3. d5 e6 4. Nc3 exd5 5. cxd5 d6 6. Nf3 g6 7. Bf4 Bg7 8. Qa4+ Bd7 9. Qb3 b5 {[%cal Bb7b5,Bb5b4][%mdl 32]} 10. Bxd6 Qb6 11. Be5 O-O 12. e3 c4 13. Qd1 {A61: Modern Benoni: Nf3 without early e4} b4 14. Nb1 Rc8 15. Nbd2 Bb5 {LiveBook: 7 Games} 16. a4 bxa3 17. Rxa3 Nbd7 (17... Bf8 18. Bd4 Qb7 19. Ra1 Nxd5 20. Be2 Nc6 {½-½ (59) Nakamura,H (2791)-Caruana,F (2807) Saint Louis 2016}) 18. Bd4 Qb7 19. d6 Bf8 20. Be2 Bxd6 21. Ra1 $146 a5 22. O-O a4 23. Bxf6 Nxf6 24. Nd4 {Threatens to win with Bf3.} Nd5 25. Rc1 a3 26. Nxb5 Qxb5 27. bxa3 {[%cal Re2c4]} ({Don't play} 27. Rxc4 Qxb2 28. Bf3 (28. Rxc8+ $2 Rxc8 29. Nc4 Nc3 $19) 28... Qb5 $17) 27... Nb6 28. Nxc4 Nxc4 {The position is equal.} 29. Rxc4 Rxc4 30. Bxc4 Bxh2+ $1 {Precision: White = 73%, Black = 76%.} 1/2-1/2

[Event "9th Beirut Open 2017"]
[Site "Beirut"]
[Date "2017.10.06"]
[Round "8"]
[White "Kiriakov, Petr"]
[Black "Shamieh, Jamal"]
[Result "1-0"]
[WhiteElo "2543"]
[BlackElo "2046"]
[Annotator "TA"]
[PlyCount "87"]
[EventDate "2017.??.??"]
[EventCountry "LBN"]
[SourceTitle "playchess.com"]
[Source "ChessBase"]
[SourceQuality "1"]

{[%evp 14,87,80,69,97,99,87,81,85,64,66,22,89,70,85,71,86,65,106,68,184,179,161,156,153,97,88,88,93,22,77,27,89,71,50,-54,112,34,112,112,112,113,112,112,112,113,157,164,166,168,189,196,199,198,253,234,272,282,337,340,440,414,474,353,671,671,655,652,1203,1181,1243,804,2402,922,1472,1043]} 1. d4 Nf6 2. c4 c5 3. d5 e5 4. Nc3 d6 5. e4 Be7 6. g3 Nbd7 7. Bg2 O-O 8. Nge2 {LiveBook: 97 Partien. A56: Altindisch (siehe auch A43, 44)} Re8 (8... Ne8 9. O-O g6 10. Bh6 Ng7 11. Qd2 Nf6 12. h3 Kh8 13. Rae1 Ng8 14. Be3 f5 15. f4 Bf6 16. fxe5 Bxe5 17. Bf4 Bxf4 18. Nxf4 g5 19. Nd3 fxe4 20. Nxe4 h6 21. Rxf8 Qxf8 {1-0 (42) Sumets,A (2551)-Klimov,S (2492) Urmia 2016}) 9. O-O Nf8 10. Bd2 {Weiß steht besser.} Ng6 11. Rb1 $146 ({Vorgänger:} 11. a3 Bd7 12. Qb1 Rb8 13. Qd3 Qc8 14. Rfc1 Bh3 {1-0 (60) Giffard,N (2337)-Dubreuil,R (1817) Nancy 2013}) 11... Bd7 12. b4 b6 (12... cxb4 $11 13. Rxb4 Qc8) 13. bxc5 $16 bxc5 14. Qb3 h5 15. Qb7 Qa5 16. Rfd1 Rab8 (16... Rec8 $14) 17. Qxb8 $18 Rxb8 18. Rxb8+ Kh7 19. Rb2 (19. Rdb1 $142) 19... Qa6 20. Nb5 Bd8 21. f3 (21. Nec3 $16) 21... Ne8 (21... Bxb5 $11 22. cxb5 Qa3) 22. Rdb1 Ba5 (22... Bxb5 $11 23. cxb5 Qa4) 23. Be3 Bb4 24. Nc1 ({Lieber} 24. Nec3 $14) 24... Ne7 $2 {[#]} (24... Bxb5 $15 {behält die Oberhand.} 25. cxb5 Qa4) 25. Bf1 (25. Nd3 $16) 25... Nc8 ({Günstiger ist} 25... Bxb5 $14 26. cxb5 Qa4) 26. Nd3 $36 {[%mdl 2048] Schwarz muss aufpassen.} Ba5 27. Rb3 Bb6 28. Ra3 Qb7 29. Kg2 f5 30. Nf2 Nf6 31. Bd3 fxe4 32. Nxe4 Nxe4 33. Bxe4+ g6 (33... Kg8 {war nötig.} 34. Bg6 h4) 34. h3 $18 {[%cal Bh2h3,Bh3g4][%mdl 32]} Bf5 35. Nc3 Ne7 36. g4 hxg4 37. hxg4 Bd7 38. Bg5 Be8 $2 (38... Ng8 39. Bd3 Kg7) 39. Bf6 {Weiß steht klar auf Gewinn.} Kg8 40. Rh1 Bd8 {[#] ...Db2+ ist eine echte Drohung.} 41. Rb3 Qc8 42. g5 Nf5 43. Rh8+ Kf7 44. Rb7+ {Precision: Weiß = 51%, Schwarz = 23%.} 1-0

[Event "9th Beirut Open 2017"]
[Site "Beirut"]
[Date "2017.10.06"]
[Round "8"]
[White "Khairallah, Faisal"]
[Black "Volkov, Sergey"]
[Result "0-1"]
[WhiteElo "2274"]
[BlackElo "2638"]
[Annotator "TA"]
[PlyCount "58"]
[EventDate "2017.??.??"]
[EventCountry "LBN"]
[SourceTitle "playchess.com"]
[Source "ChessBase"]
[SourceQuality "1"]

{[%evp 13,58,0,33,14,13,22,34,36,45,16,21,16,23,22,38,21,33,25,36,-26,-22,-33,-15,-34,-45,-75,-75,-91,-75,-66,-8,-115,-121,-128,-122,-417,-343,-458,-454,-467,-454,-419,-454,-922,-851,-29985,-29986]} 1. c4 e5 2. g3 g6 3. Bg2 Bg7 4. Nc3 d6 5. e4 Nc6 6. Nge2 h5 7. h4 Nh6 {LiveBook: 18 Games. A25: English Opening vs King's Indian with ...Nc6 but without early d3} (7... Nd4 8. Nxd4 exd4 9. Nd5 c6 10. Nf4 Ne7 11. O-O O-O 12. d3 Rb8 13. b4 b5 14. cxb5 Rxb5 15. Bd2 a5 16. a3 Ba6 {½-½ (16) Gorovets,A (2551)-Kacheishvili,G (2589) Philadelphia 2016}) 8. Nd5 O-O 9. d3 Kh7 {The position is equal.} 10. O-O Be6 11. f3 Qd7 $146 ({Predecessor:} 11... f5 12. Bg5 {½-½ (12) Vassallo Barroche,M (2409)-Movsziszian,K (2455) Torres Novas 2005}) 12. Be3 f5 13. Qd2 Nd8 14. b3 c6 15. Ndc3 c5 16. b4 (16. Rab1 $14) 16... cxb4 $11 17. Nd5 Nc6 18. Nxb4 fxe4 19. fxe4 Ng4 20. Bg5 Nxb4 21. Qxb4 Bh6 (21... Qc7 $15) 22. Bh3 (22. Bxh6 $11 Kxh6 23. Bf3) 22... Bxg5 $17 23. hxg5 {[#]} b5 $1 $36 {[%mdl 2560] aiming for ...Ne3. Black has strong initiative.} 24. cxb5 $2 {[%mdl 8192]} (24. Qd2 $17) (24. Qxb5 Qe7) 24... Ne3 $1 $19 {[%csl LRf1,LRh3]} 25. Rxf8 Rxf8 26. Qd2 Rf3 ({Weaker is} 26... Bxh3 27. Qxe3 Qxb5 28. Qxa7+ Kg8 29. Qa3 $17) 27. Bg2 Qf7 28. Rc1 (28. Qe1 $142 Nxg2 29. Kxg2 Bh3+ 30. Kg1 (30. Kxh3 $2 Rf2 $19)) 28... Nxg2 29. Qc3 Ne3 {Precision: White = 24%, Black = 68%.} 0-1

[Event "9th Beirut Open 2017"]
[Site "Beirut"]
[Date "2017.10.06"]
[Round "8"]
[White "Gevorgyan, Maria"]
[Black "Koniahli, Malek"]
[Result "0-1"]
[WhiteElo "2262"]
[BlackElo "2086"]
[Annotator "TA"]
[PlyCount "118"]
[EventDate "2017.??.??"]
[EventCountry "LBN"]
[SourceTitle "playchess.com"]
[Source "ChessBase"]
[SourceQuality "1"]

{[%evp 14,118,37,27,53,46,67,56,55,46,51,51,70,69,70,56,65,71,85,49,42,35,47,43,30,25,66,68,62,36,66,59,56,70,64,66,114,91,75,0,0,-142,-146,-315,-297,-475,-474,-460,-462,-461,-453,-421,-363,-479,-436,-479,-475,-478,-470,-779,-764,-1344,-1212,-1318,-829,-1088,-829,-817,-787,-829,-827,-809,-807,-1170,-1014,-1008,-885,-998,-990,-1153,-1159,-1151,-1144,-1039,-713,-1080,-1100,-1083,-1042,-1132,-930,-1133,-1125,-1520,-1437,-1479,-1281,-1345,0,-1334,-1327,-1309,-1285,-1789,-1826,-6319,-6315]} 1. e4 c6 2. d4 d5 3. Nc3 dxe4 4. Nxe4 Nd7 5. Nf3 Ngf6 6. Nxf6+ Nxf6 7. Ne5 Bf5 8. c3 {LiveBook: 33 Partien} Qc8 {B17: Caro-Kann-Verteidigung} (8... e6 9. Bd3 Bxd3 10. Qxd3 Be7 11. O-O O-O 12. Bg5 Nd7 13. Nxd7 Qxd7 14. Bxe7 Qxe7 15. Rfe1 {½-½ (15) Godena,M (2526)-David,A (2590) Torino 2012}) 9. Be2 h6 $146 ({Vorgänger:} 9... Nd7 10. Bf4 e6 11. Nc4 Nb6 12. Nd6+ Bxd6 13. Bxd6 Qd7 14. Bg3 O-O 15. O-O Nc8 16. Qc1 {½-½ (86) Roos,J (2375)-Krizsany,L (2370) Budapest 1993}) 10. O-O e6 {Weiß steht etwas besser.} 11. Bd3 Bxd3 12. Qxd3 Bd6 13. Qg3 Rg8 14. Qf3 Bxe5 15. dxe5 Nd7 16. Re1 (16. Qg3 {with more complications.} g5 17. f4 Qc7 18. fxg5 hxg5 19. Bxg5 Qxe5 20. Qxe5 Nxe5 21. h4) 16... Qc7 17. Qe3 (17. h3 {is more complex.} g5 18. b4 a5 19. a4 Rg6 20. Qe2) 17... Nb6 18. Qe4 O-O-O 19. Be3 Kb8 20. Bc5 Nc8 21. c4 Rd7 22. Qh7 Qd8 23. a4 b6 24. Ba3 Rd2 25. Bb4 Rd4 26. Re4 (26. a5 $16) 26... Rd3 27. a5 (27. Re3 $11 {bleibt in der Remisbreite.} Rxe3 28. fxe3) 27... c5 $36 {[%mdl 2048] Schwarz ist am Drücker.} 28. Bc3 $2 (28. Be1 $17 Ne7 29. Rf4) 28... Ne7 $19 29. Ree1 (29. Re3 $142 Rxe3 30. fxe3) 29... Nf5 30. g4 Rh8 31. Qxh8 Qxh8 32. gxf5 Qc8 33. Rad1 Qd7 34. fxe6 fxe6 35. Ra1 h5 36. Kf1 (36. axb6 $142 axb6 37. Ra6) 36... Qc6 37. Red1 Qh1+ 38. Ke2 Qe4+ 39. Kf1 Qxc4 {[#] ( -> ...Txd1+)} 40. Rxd3 Qxd3+ {[%mdl 4096] Endspiel KD-KTL} 41. Ke1 Qe4+ 42. Kd2 b5 43. b3 Qf4+ 44. Ke2 Qxh2 45. Rd1 Qh3 46. Rd3 Qg4+ 47. f3 Qg2+ 48. Ke3 Qc2 {[#] Weiss muss nun ...c4 beachten.} 49. a6 b4 50. Be1 Kc7 51. Bh4 Kb6 52. f4 Qc1+ 53. Rd2 Kxa6 54. f5 Qg1+ 55. Rf2 Qc1+ $2 ({Besser ist} 55... Qa1 $19 56. f6 Qxe5+ 57. Kd2 Qc3+ 58. Kd1 Qxb3+ 59. Kd2 Qd5+ 60. Ke3 Qd4+ 61. Ke2 gxf6 62. Bxf6 e5) 56. Kf3 $2 {[%mdl 8192]} (56. Rd2 $11 Qc3+ 57. Ke2) 56... Qc3+ {Schwarz steht klar auf Gewinn.} 57. Kg2 Qxe5 58. fxe6 Qxe6 59. Bd8 Qd5+ {Precision: Weiß = 40%, Schwarz = 68%.} 0-1

[Event "9th Beirut Open 2017"]
[Site "Beirut"]
[Date "2017.10.06"]
[Round "8"]
[White "Wafa, Shahenda"]
[Black "El Jawich, Amro"]
[Result "0-1"]
[WhiteElo "2150"]
[BlackElo "2230"]
[Annotator "TA"]
[PlyCount "66"]
[EventDate "2017.??.??"]
[EventCountry "LBN"]
[SourceTitle "playchess.com"]
[Source "ChessBase"]
[SourceQuality "1"]

{[%evp 16,66,40,18,19,-5,0,0,26,0,0,0,0,0,49,55,51,46,50,33,34,30,32,46,75,73,142,42,39,55,46,0,0,0,25,33,46,-276,-228,-384,-385,-623,-618,-619,-614,-615,-607,-838,-829,-29994,-29995,-29995,-29994]} 1. e4 c5 2. Nf3 Nc6 3. d4 cxd4 4. Nxd4 Nf6 5. Nc3 d6 6. Bg5 e6 7. Be2 a6 8. O-O Bd7 9. a4 {LiveBook: 4 Games. B60: Sicilian: Richter-Rauzer: Unusual Black 6th moves and 6...Bd7 without 7 Qd2} Be7 (9... Qc7 10. Bxf6 gxf6 11. Bh5 Rg8 12. Qd3 Rg5 13. Nxc6 Qxc6 14. Be2 Rc8 {0-1 (62) Stachanczyk,J (2192)-Guseinov,G (2625) Baku 2016}) 10. Kh1 h6 $146 {[%cal Bh7h6,Bh6h5,Bh5h4,Bh4h3][%mdl 32]} ({Predecessor:} 10... Qc7 11. Nb3 b6 12. f4 O-O 13. Bf3 Rab8 14. Qe2 h6 15. Bh4 Bc8 16. Bg3 Re8 {1-0 (29) Zulfic,F (2141)-Cruz,F (2344) Barcelona 2017}) 11. Be3 {The position is equal.} e5 12. Nb3 Nb4 13. Nd5 Nbxd5 (13... Nfxd5 {is more complex.} 14. exd5 Bf5 15. Rc1 Na2 16. Ra1 Nb4) 14. exd5 h5 15. a5 Bg4 16. f3 Bf5 17. c4 h4 18. f4 {[#] fxe5 is the strong threat.} h3 19. g3 $1 exf4 20. Rxf4 Qc8 ({Black should try} 20... Be4+ 21. Kg1 O-O) 21. Qf1 (21. Nd4 $16 Be4+ 22. Kg1) 21... Be4+ $14 22. Bf3 Bg6 23. Re1 O-O 24. Bd4 Re8 25. Nd2 Qd7 26. Ne4 $2 {[%mdl 8192] [#]} (26. b3 $14) 26... Nxe4 $19 27. Bxe4 $2 (27. Rfxe4 {was worth a try.} Bxe4 28. Rxe4) 27... Bg5 28. Bf5 $2 (28. Bxg6 Bxf4 29. Rb1) 28... Bxf5 29. Rxe8+ Qxe8 30. Rxf5 Qe4+ 31. Qf3 Qxd4 32. Rxg5 Re8 33. Qf1 Qe4+ {Precision: White = 33%, Black = 46%.} 0-1

[Event "9th Beirut Open 2017"]
[Site "Beirut"]
[Date "2017.10.06"]
[Round "8"]
[White "Kassis, Antoine"]
[Black "Mohannad, Farhan"]
[Result "1-0"]
[WhiteElo "2130"]
[BlackElo "2243"]
[Annotator "TA"]
[PlyCount "133"]
[EventDate "2017.??.??"]
[EventCountry "LBN"]
[SourceTitle "playchess.com"]
[Source "ChessBase"]
[SourceQuality "1"]

{[%evp 12,133,33,5,6,8,61,52,52,46,76,43,29,0,108,84,70,33,17,44,16,-7,0,0,52,-6,0,-102,-79,-91,-77,-96,-70,-84,-59,-75,-43,-118,0,0,0,0,-33,-2,-16,-22,313,322,326,322,325,320,435,424,829,701,775,527,515,-49,255,260,258,258,347,355,350,325,333,333,350,333,504,492,610,598,593,583,561,0,479,0,561,545,1046,986,758,0,1034,1010,1148,1133,797,0,613,566,545,545,468,406,1291,1429,2648,2614,6183,6095,2339,1766,2475,1590,1531,1448,1357,1142,29979,29980,29979,29980,29984,29985,29983,29983,29987,12644]} 1. e4 d5 2. exd5 Qxd5 3. Nf3 g6 4. d4 Bg7 5. Be2 Nh6 6. c4 {B01: Scandinavian Defence} (6. O-O Nf5 7. c3 O-O 8. Nbd2 c5 9. Bc4 Qc6 10. dxc5 Qxc5 11. Qe2 Qc7 12. Re1 Nc6 {½-½ (41) Adhiban,B (2677)-Rakhmanov,A (2663) Linares 2017}) 6... Qd8 7. Nc3 {LiveBook: 4 Games} Nf5 8. d5 {The position is equal.} c5 ({Black should try} 8... e5 $11) 9. O-O $14 O-O 10. Bf4 Nd4 $146 ({Predecessor:} 10... Nd7 11. Bd3 Nb6 12. a4 Bd7 {1-0 (43) Popovic,D (2556)-Plenkovic,Z (2370) Zupanja 2008}) 11. Nxd4 cxd4 12. Nb5 {aiming for Nc7.} Na6 (12... a6 $1 $11 {keeps the balance.} 13. Nc7 (13. Nxd4 e5 $17) 13... Ra7) 13. Qd2 Nc5 {[%cal Ba6c5,Bc5e6,Be6f4,Bf4h3,Bh3f4][%mdl 32]} 14. Bh6 ({Stronger than} 14. Nxd4 e5 $17) 14... Bxh6 15. Qxh6 e5 16. dxe6 Nxe6 17. Rad1 Qf6 ({Better is} 17... a6 $11 18. Nc3 b5) 18. Bf3 (18. f4 $1 $14) 18... Rd8 19. Bd5 (19. b3 $11 {remains equal.}) 19... a6 $17 20. Na3 Nf4 21. Bf3 Rb8 22. Rfe1 {[#]} Nh3+ $1 {[%mdl 512]} 23. Kf1 {[#]} (23. gxh3 Qxf3) 23... Bg4 $1 {[%mdl 512]} 24. Rd3 ({Only move:} 24. Rd2 $15 Bxf3 25. Qxh3) (24. Bxg4 Qxf2#) 24... Qf5 (24... Nf4 $17 25. Rb3 Bf5) 25. Qd2 $15 {Threatens to win with Bxg4.} Nf4 26. Be4 $1 {[%cal Re4f5]} Qf6 $1 27. Rg3 Bh5 $1 28. Bf3 Qh4 $2 {[%mdl 8192] [#]} (28... Bxf3 $11 29. Rxf3 g5) 29. Re4 $1 $18 {[%csl LRd4,LRf4][%cal Re4f4]} Qxh2 {[%cal Rh2h1]} 30. Qxf4 Qh1+ 31. Ke2 d3+ 32. Kd2 {Hoping for Re7.} Qa1 (32... Re8 $142 33. Bxh5 Qxh5 34. Rxd3 Rxe4 35. Qxe4 Qa5+ 36. Kc1 Qb6) 33. Qf6 Re8 34. Re3 Rxe3 35. Kxe3 $2 (35. fxe3 $18 Bxf3 36. Rxf3) 35... Qe1+ $2 {[%mdl 8192]} (35... Re8+ $15 {keeps the upper hand.} 36. Kxd3 Qf1+ 37. Kc3 Qxf2) 36. Kxd3 {Strongly threatening Bxh5.} Qxf2 37. Qd6 Re8 {( -> ...Re3+)} 38. Bxh5 Qf5+ 39. Kc3 Qxh5 40. Nc2 Qa5+ 41. Nb4 Re1 (41... h5 $142 42. Rf3 Re2) 42. Rd3 Qa4 43. Qd8+ Kg7 {White should prevent ...Rc1+.} 44. Qd4+ Kg8 45. Qd8+ Kg7 $1 {With the idea ...Rc1+.} 46. Qd4+ Kg8 $1 {intending ...Rc1+.} 47. b3 Qa3 48. Qd8+ Kg7 49. Qd4+ Kg8 50. Nc2 Qc1 51. Qd8+ Kg7 52. Qd4+ Kg8 53. Re3 Rxe3+ 54. Qxe3 Qf1 55. Qf3 Qb1 (55... Qxf3+ $142 56. gxf3 Kf8) 56. Qxb7 Qxa2 57. c5 Qa5+ 58. b4 Qd8 59. Qxa6 Qd5 60. Qe2 h5 61. Qf3 Qe5+ 62. Nd4 g5 63. Qxh5 {White mates.} Qe1+ 64. Kc4 Qf1+ 65. Qe2 Qc1+ 66. Kd5 Qf4 67. Qe4 {Precision: White = 55%, Black = 32%.} (67. Qe8+ $142 Kh7 68. c6 Qc7 69. Qd7 Qb8 70. Qxf7+ Kh8 71. c7 Qb7+ 72. Ke5) 1-0